| 000 | 00495nam a2200205Ia 4500 | ||
|---|---|---|---|
| 008 | 170918s9999 xx 000 0 und d | ||
| 020 | _a9780545175326 | ||
| 050 | _bP639 2011 | ||
| 100 | _aPilkey, Dav | ||
| 245 | _aSuper diaper baby 2 : | ||
| 245 | _bthe invasion of the potty snatchers / | ||
| 245 | _cby Dav Pilkey. | ||
| 260 | _aNew York : | ||
| 260 | _bScholastic, | ||
| 260 | _c2011 | ||
| 300 | _a187 pages : | ||
| 300 | _billustrations ; | ||
| 300 | _c19cm. | ||
| 500 | _a730 | ||
| 999 |
_c344377 _d344377 |
||